Midweek Stumper #2 - Statistics

General Stats
  • This quiz has been taken 164 times
  • The average score is 14 of 24
Answer Stats
Fragment Answer % Correct
St_ _dy Sturdy
91%
Ac_ _ss Access
90%
Sh_ _ld Shield
87%
Sh_ _ld Should
84%
Pl_ _ge Plunge
80%
Fl_ _nt Flaunt
75%
Tr_ _el Travel
73%
Lo_ _st Locust
72%
Pl_ _ge Pledge
66%
Ac_ _ss Across
61%
Ma_ _al Mammal
59%
St_ _dy Steady
57%
Sa_ _ty Sanity
54%
Vi_ _in Violin
54%
In_ _de Inside
52%
Sa_ _ty Safety
50%
Lo_ _st Lowest
49%
Pu_ _it Pundit
49%
Fl_ _nt Fluent
45%
Tr_ _el Trowel
45%
Pu_ _it Pulpit
34%
Vi_ _in Virgin
34%
In_ _de Invade
32%
Ma_ _al Manual
30%
No matching quizzes found
Score Distribution
Percent of People with Each Score
Percentile by Number Answered
Your Score History
You have not taken this quiz